Komentár k zákonu o reklame. 2

Všeobecné požiadavky na reklamu - šírenie a súlad s podmienkami hospodárskej súťaže. Komentár k zákonu o reklame. Ochrana osobnosti a vlastníckych práv.

Guardado en:
Detalles Bibliográficos
Autor principal: Blahušiak, P.
Formato: Capítulo de libro
Lenguaje:eslovaco
Materias:
Etiquetas: Agregar Etiqueta
Sin Etiquetas, Sea el primero en etiquetar este registro!

MARC

LEADER 00000naa a2200000 4500
001 r021689
005 20230922094023.1
041 0 |a slo 
044 |a SK 
245 1 0 |a Komentár k zákonu o reklame. 2  |c P. Blahušiak 
520 |a Všeobecné požiadavky na reklamu - šírenie a súlad s podmienkami hospodárskej súťaže. Komentár k zákonu o reklame. Ochrana osobnosti a vlastníckych práv. 
610 2 0 |a reklama 
610 2 0 |a zákony 
610 2 0 |a Slovensko 
610 2 0 |a 1996 
610 2 0 |a etika 
610 2 0 |a súťaž hospodárska 
610 2 0 |a právo vlastnícke 
100 1 |a Blahušiak, P.